[Event "Asia zt 3.2 (Women)"]
[Site "Dhaka"]
[Date "2023.05.08"]
[Round "7"]
[White "Yeshey, Lhaden"]
[Black "Wijesuriya, GPY"]
[Result "0-1"]
[WhiteElo "1234"]
[BlackElo "1544"]
[PlyCount "22"]
[EventDate "2023.05.02"]
[EventType "tourn"]
[EventRounds "9"]
[EventCountry "BAN"]
[SourceTitle "CBM 215 Extra"]
[Source "ChessBase"]
[SourceDate "2023.09.30"]
[SourceVersion "1"]
[SourceVersionDate "2023.09.30"]
[SourceQuality "1"]

1. d4 Nf6 2. Bf4 d5 3. e3 c5 4. dxc5 Qa5+ 5. Nc3 Bd7 6. Qd4 Nc6 7. Qa4 Qxa4 8. Nxa4 Nb4 9. 0-0-0 Bxa4 10. a3 Nxc2 11. Kb1 Nxa3+ 0-1

[Event "Asia zt 3.2 (Women)"]
[Site "Dhaka"]
[Date "2023.05.05"]
[Round "4"]
[White "Yeshey, Lhaden"]
[Black "Nihaya, Ahmed"]
[Result "0-1"]
[WhiteElo "1234"]
[BlackElo "1321"]
[PlyCount "60"]
[EventDate "2023.05.02"]
[EventType "tourn"]
[EventRounds "9"]
[EventCountry "BAN"]
[SourceTitle "CBM 215 Extra"]
[Source "ChessBase"]
[SourceDate "2023.09.30"]
[SourceVersion "1"]
[SourceVersionDate "2023.09.30"]
[SourceQuality "1"]

1. e4 d6 2. d4 Nf6 3. Nc3 c6 4. Bf4 Nbd7 5. e5 dxe5 6. dxe5 Ng8 7. Qd2 e6 8. Nf3 Bb4 9. Be2 Ne7 10. a3 Ba5 11. Ng5 0-0 12. 0-0-0 Ng6 13. Bd3 Bxc3 14. Qxc3 Nxf4 15. Bxh7+ Kh8 16. Bd3 Qxg5 17. Qd2 Nxd3+ 18. cxd3 Qxd2+ 19. Rxd2 Nxe5 20. f4 Ng4 21. h3 Ne3 22. b4 b6 23. a4 Ba6 24. g4 Rfd8 25. d4 Rac8 26. g5 c5 27. bxc5 bxc5 28. dxc5 Rxc5+ 29. Kb1 Rxd2 30. Rc1 Bd3+ 0-1

[Event "Asia zt 3.2 (Women)"]
[Site "Dhaka"]
[Date "2023.05.02"]
[Round "1"]
[White "Lohani, Sujana"]
[Black "Yeshey, Lhaden"]
[Result "1-0"]
[WhiteElo "1754"]
[BlackElo "1234"]
[PlyCount "84"]
[EventDate "2023.05.02"]
[EventType "tourn"]
[EventRounds "9"]
[EventCountry "BAN"]
[SourceTitle "CBM 215 Extra"]
[Source "ChessBase"]
[SourceDate "2023.09.30"]
[SourceVersion "1"]
[SourceVersionDate "2023.09.30"]
[SourceQuality "1"]

1. d4 d5 2. c4 Nf6 3. Nf3 Bf5 4. Nc3 e6 5. Bg5 Bb4 6. Qa4+ Nc6 7. Ne5 0-0 8. Nxc6 Bxc3+ 9. bxc3 bxc6 10. Qxc6 Rb8 11. e3 Rb6 12. Qa4 h6 13. Bxf6 gxf6 14. Be2 Qb8 15. 0-0 Rb2 16. Rfe1 Bc2 17. Qa3 c6 18. c5 e5 19. c4 dxc4 20. Bxc4 Qb4 21. Qxb4 Rxb4 22. Bb3 Bd3 23. d5 Bb5 24. d6 Rd8 25. Rec1 a5 26. Bd1 f5 27. a3 Rc4 28. Bb3 Rxc1+ 29. Rxc1 e4 30. h3 h5 31. h4 a4 32. Bc4 Bxc4 33. Rxc4 Kg7 34. Rxa4 Kf6 35. Ra6 Ke6 36. Rxc6 Kd5 37. Rc7 f6 38. a4 Kc4 39. d7 Kb4 40. c6 Kc5 41. Rc8 Rxc8 42. dxc8Q Kd5 1-0